004700000a22001570004500060000800000082001900008100002000027245003400047260004500081260000900126300000800135650002700143942000700170999001900177952011600196 a100 a582.130 44 EAM aEames, Arthur J aMorphology of the angiosperms aNew York, Mc Graw- Hill Book Company Inc c1961 a518 aAngiosperms Morphology cBK c363189d363189 00104070aKAUCOAVbKAUCOAVd2014-05-02l0o582.130 44 EAMpKAU_COAV-3378r2014-05-02 00:00:00w2014-05-02yBK